Star Trek II: The Wrath of Khan quiz - Statistics

General Stats
  • This quiz has been taken 55 times
  • The average score is 9 of 12
Answer Stats
Hint Answer % Correct
Who fixes the Enterprise's warp drive, exposing himself to a lethal dose of radiation in the process? Spock
94%
Who is the only person to ever win the simulation (by secretly reprogramming the computer to make it possible to win)?? Captain Kirk
92%
What is the name of the planet terraforming device being developed by Dr. Carol Marcus? Genesis
89%
Which former Enterprise crew member gets mind controlled when a bug crawls into his ear? Pavel Chekov
89%
What one word does he say to Dr. McCoy before doing so? Remember
81%
What is Khan's full name? Khan Noonien Singh
75%
Which Federation starship does Khan seize control of? USS Reliant
72%
Dr. Marcus and Captain Kirk have a son. What is his name? David Marcus
69%
What Vulcan character is played by actress Kirstie Alley? Lt. Saavik
69%
This film is a sequel to which episode of the original TV series? Space Seed
64%
What ship does she try to rescue during a computer simulation designed to be a no-win scenario? Kobayashi Maru
61%
Complete Khan's last words, a quote from Moby-Dick: "To the last I grapple with thee; from Hell's heart _ ____ __ ____; for hate's sake, I spit my last breath at thee." I stab at thee
53%
No matching quizzes found
Score Distribution
Percent of People with Each Score
Percentile by Number Answered
Your Score History
You have not taken this quiz